zpět

Detail výsledku týmu

U Dvou dobráků PO, Opava

Datum a čas kvízu

28 Celkem bodů Celkový počet nahraných bodů na tomto kvízu bez doplňovacích otázek.
4. Pořadí na kvízu Konečné umístění týmu na tomto kvízu.

Zaznamenané odpovědi

# Otázka Odpověď Body Výsledky
1. Minulou neděli dopoledne dosed... 0
2. Rusko slavnostně otevřelo most... 1
3. Ve zlínském obchodním a zábavn... 0
5. Němečtí fotbalisté Mesut Özil... 0
6. Dědictví aneb Kurvahošigutntag... 0
7. Bohuš: "Není to ___, ten Kája?... 1
8. Kterou značku cigaret má Bohuš... 0
9. "Však je to sladké jak ___ ___... 1
10. Pták, kterého Bohuš koupil Ire... 1
11. Koordinovaný světový čas je oz... 1